O Jerusalem / (Record no. 7667)
[ view plain ]
| 000 -LEADER | |
|---|---|
| fixed length control field | 00846cam a2200277 4500 |
| 001 - CONTROL NUMBER | |
| control field | 305394 |
| 003 - CONTROL NUMBER IDENTIFIER | |
| control field | OSt |
| 005 - DATE AND TIME OF LATEST TRANSACTION | |
| control field | 20190319184427.0 |
| 008 - FIXED-LENGTH DATA ELEMENTS--GENERAL INFORMATION | |
| fixed length control field | 720510s1972 nyub 000 0 eng d |
| 020 ## - INTERNATIONAL STANDARD BOOK NUMBER | |
| International Standard Book Number | 0706988469 |
| 040 ## - CATALOGING SOURCE | |
| Transcribing agency | STU |
| Modifying agency | m.c. |
| -- | KSU |
| -- | UtOrBLW |
| 082 ## - DEWEY DECIMAL CLASSIFICATION NUMBER | |
| Classification number | 956.9 |
| Item number | C712O |
| 090 ## - LOCALLY ASSIGNED LC-TYPE CALL NUMBER (OCLC); LOCAL CALL NUMBER (RLIN) | |
| Classification number (OCLC) (R) ; Classification number, CALL (RLIN) (NR) | DS126.9 |
| Local cutter number (OCLC) ; Book number/undivided call number, CALL (RLIN) | .C64x |
| 100 1# - MAIN ENTRY--PERSONAL NAME | |
| Personal name | Collins, Larry |
| 245 10 - TITLE STATEMENT | |
| Title | O Jerusalem / |
| Statement of responsibility, etc. | [by] Larry Collins and Dominique Lapierre |
| 250 ## - EDITION STATEMENT | |
| Edition statement | Indian Edition |
| 260 ## - PUBLICATION, DISTRIBUTION, ETC. | |
| Place of publication, distribution, etc. | Delhi , |
| Name of publisher, distributor, etc. | S. N. Printers. |
| Date of publication, distribution, etc. | c 1972. |
| 264 #1 - PRODUCTION, PUBLICATION, DISTRIBUTION, MANUFACTURE, AND COPYRIGHT NOTICE | |
| Place of production, publication, distribution, manufacture | New York : |
| Name of producer, publisher, distributor, manufacturer | Simon and Schuster, |
| Date of production, publication, distribution, manufacture, or copyright notice | [1972] |
| 300 ## - PHYSICAL DESCRIPTION | |
| Extent | 648 pages : |
| Other physical details | maps (on lining papers) ; |
| Dimensions | 22 cm |
| 336 ## - CONTENT TYPE | |
| Content type term | text |
| Content type code | txt |
| Source | rdacontent |
| 337 ## - MEDIA TYPE | |
| Media type term | unmediated |
| Media type code | n |
| Source | rdamedia |
| 338 ## - CARRIER TYPE | |
| Carrier type term | volume |
| Carrier type code | nc |
| Source | rdacarrier |
| 650 #0 - SUBJECT ADDED ENTRY--TOPICAL TERM | |
| Topical term or geographic name entry element | Israel-Arab War, 1948-1949 |
| General subdivision | Campaigns |
| 700 1# - ADDED ENTRY--PERSONAL NAME | |
| Personal name | Lapierre, Dominique, |
| Relator term | joint author |
| 942 ## - ADDED ENTRY ELEMENTS (KOHA) | |
| Source of classification or shelving scheme | Dewey Decimal Classification |
| Koha item type | Books |
| Withdrawn status | Lost status | Source of classification or shelving scheme | Damaged status | Not for loan | Collection code | Home library | Current library | Shelving location | Date acquired | Cost, normal purchase price | Total Checkouts | Full call number | Barcode | Date last seen | Price effective from | Koha item type |
|---|---|---|---|---|---|---|---|---|---|---|---|---|---|---|---|---|
| Dewey Decimal Classification | Non-fiction | Harvest Mission College | Harvest Mission College | General Stacks | 15.02.2019 | 600.00 | 956.9 C712O | 008805 | 15.02.2019 | 15.02.2019 | Books |
